Flagi Europy - Statystyki

Ogólne statystyki
  • Ten quiz został rozwiązany 44 razy
  • Średni wynik to 42 z 46
Statystyki odpowiedzi
Obrazkowy Odpowiedź % Poprawnych
Francja
100%
Wielka Brytania
100%
Włochy
100%
Albania
96%
Belgia
96%
Czechy
96%
Hiszpania
96%
Holandia
96%
Niemcy
96%
Norwegia
96%
Polska
96%
Szwajcaria
96%
Szwecja
96%
Turcja
96%
Ukraina
96%
Chorwacja
92%
Estonia
92%
Grecja
92%
Irlandia
92%
Litwa
92%
Portugalia
92%
Slowacja
92%
Austria
88%
Białoruś
88%
Bośnia i Hercegowina
88%
Bułgaria
88%
Czarno góra
88%
Dania
88%
Finlandia
88%
Luksemburg
88%
Malta
88%
Rosja
88%
Rumunia
88%
San Marino
88%
Serbia
88%
Słowenia
88%
Watykan
88%
Węgry
88%
Islandia
84%
Kosowo
84%
Łotwa
84%
Macedonia Północna
84%
Mołdawia
84%
Liechtenstein
80%
Monako
80%
Andora
76%
Nie znaleziono quizów pasujących do podanych kryteriów
Rozkład punktacji
Procent ludzi z każdym wynikiem
Percentyl według liczby udzielonych odpowiedzi
Twoja historia wyników
Nie rozwiązałeś tego quizu